| 000 | 00606nam a22001817a 4500 | ||
|---|---|---|---|
| 999 |
_c188334 _d188334 |
||
| 005 | 20220519102324.0 | ||
| 010 | _aENG-132687 | ||
| 020 |
_a9788180482632 _c895.00 |
||
| 035 | _aEN-116219 | ||
| 037 | _bDBAD/PUB | ||
| 082 | _a332.1230683 | ||
| 100 | _aJain, Sapna | ||
| 245 |
_aHRD in Banking Sector: _bIts Impact on the Performance of Knowledge Workers/ _cSapna Jain |
||
| 260 |
_aChandigarh _bArun Publishing House Pvt. Ltd _c2014 |
||
| 270 |
_aSCO 49-51, Sector 17C _bChandigarh _marunpublishing@gmail.com _e160017 |
||
| 300 |
_a286p. _c23cm(hbk) |
||
| 942 |
_2ddc _cEN _h332.120683 _mJAI |
||